Una stanza tutta per me /
Chi indovina cos'hanno in comune una scrittrice e un ragno? Chi indovina cos'hanno in comune una bambina qualunque e Virginia Woolf? Una brillante scrittrice, un ragno e la lettrice di questo libro si alternano tra le pagine di un racconto per scoprire che non si può essere felici senza una buona do...
محفوظ في:
| مؤلفون آخرون: | , |
|---|---|
| التنسيق: | كتاب |
| اللغة: | الإيطالية |
| منشور في: |
Cagli :
Settenove,
©2017
|
| سلاسل: | Albi illustrati e cartonati
|
| الوسوم: |
لا توجد وسوم, كن أول من يضع وسما على هذه التسجيلة!
|
MARC
| LEADER | 00000nam a22000007i 4500 | ||
|---|---|---|---|
| 001 | IT\ICCU\MOD\1667947 | ||
| 003 | ItRI | ||
| 005 | 20260115232207.0 | ||
| 008 | 170411s2017 it |||||| ||||| |||||c | ||
| 020 | |a 9788898947256 | ||
| 040 | |b ita |c importazione bologna sebina | ||
| 041 | 7 | |a ita |2 ISO-639-2 | |
| 082 | |a 853.92 |9 NARRATIVA ITALIANA, 2000- |2 23 | ||
| 100 | 1 | |a Ballista, Serena |0 IT\ICCU\MODV\644329 |4 aus | |
| 240 | 1 | 4 | |a Una stanza tutta per me |3 IT\ICCU\UBO\4489068 |9 Ballista, Serena |
| 245 | 1 | 4 | |a Una stanza tutta per me / |c Serena Ballista, Chiara Carrer. |
| 260 | |a Cagli : |b Settenove, |c ©2017 | ||
| 300 | |a [28] p. : |b in gran parte ill ; |c 19 x 19 cm | ||
| 520 | |a Chi indovina cos'hanno in comune una scrittrice e un ragno? Chi indovina cos'hanno in comune una bambina qualunque e Virginia Woolf? Una brillante scrittrice, un ragno e la lettrice di questo libro si alternano tra le pagine di un racconto per scoprire che non si può essere felici senza una buona dose di autonomia e libertà. Ispirate al libro «Una stanza tutta per sé», in cui Virginia Woolf esprime il concetto che l'ha resa celebre nel mondo, le autrici usano l'espediente narrativo dell'albo illustrato per spiegare ai bambini e bambine di oggi che la piena libertà può ottenersi solo attraverso l'autonomia. Età di lettura: da 5 anni. | ||
| 700 | 1 | |a Carrer, Chiara |0 IT\ICCU\CFIV\097409 |4 ill | |
| 790 | 1 | |a Gibbini Ballista, Serena |3 IT\ICCU\RAVV\676140 |z Ballista, Serena | |
| 830 | 0 | |a Albi illustrati e cartonati |0 IT\ICCU\UBO\4379629 | |
| 942 | |2 ddc |c BK |n 0 | ||
| 952 | |0 0 |1 0 |4 0 |6 R_853_920000000000000_BAL |7 0 |9 21729 |a BO |b BO |d 2026-01-15 |i 18792 |l 0 |o R 853.92 BAL |p BO18792 |r 2026-01-15 23:22:07 |w 2026-01-15 |x [Sebina 5] [1 v.] |y BK |z 1 v. | ||
| 999 | |c 18563 |d 18563 | ||